| 000 | 00425nam a22001577a 4500 | ||
|---|---|---|---|
| 999 |
_c14062 _d14062 |
||
| 003 | OSt | ||
| 082 | _21 | ||
| 088 | _a11 | ||
| 100 |
_aBabu V _93895 |
||
| 245 | _aDesign and fabrication of low cost paddy thresher | ||
| 260 |
_aTavanur _bDepartment of FPME |
||
| 700 |
_aSai Sundar S _93896 |
||
| 700 |
_aSunil Kumar Pandey _93897 |
||
| 856 | _uhttps://drive.google.com/open?id=19Hh1o0_gd894l-aSBfjNcxKla0s-f9O8 | ||
| 942 | _cPR | ||